000 00471nam a2200193 a 4500
001 1776330595990
003 YourLibrary
005 20260416144344.0
008 260416s2009##################000#0#eng##
020 _a9781847034175
082 0 4 _a346.02
_bBRO
100 1 _aSmith, John Cyril,
_eauthor.
245 1 0 _aSmith and Thomas :
260 _c2009.
300 _a854 pages
650 0 _aContracts.
942 _cENGLISH
040 _aYourLibrary
_beng
_cYourLibrary
999 _c619425
_d619425